| 000 | 00656nam a2200193 a 4500 | ||
|---|---|---|---|
| 001 | 000027132 | ||
| 005 | 20200930030625.0 | ||
| 008 | 110329s1992 dr a r 000 0 spa d | ||
| 040 |
_aDO-SdBNP _bspa _cBNPHU |
||
| 082 |
_a794.172 _bP349a |
||
| 100 | 1 |
_aPeña, Román _954196 |
|
| 245 | 1 | 0 |
_aAjedrez dominicano : _bblancas contra computadora, "Kasparov" turbo S 24K / _cRomán Peña. |
| 260 |
_aSanto Domingo : _bImpresora Lydda, _c1992. |
||
| 300 |
_a138 p. : _bil. ; _c21 cm. |
||
| 590 | _aInventariado, 2018/BT | ||
| 650 | 4 |
_aAjedrez por computador _954197 |
|
| 650 | 4 |
_aAjedrez _xEstrategia y tácticas _912532 |
|
| 910 | _aValidado. Control de calidad. EMS | ||
| 999 |
_c26624 _d26624 |
||